| 000 | 00982nam a2200241Ii 4500 | ||
|---|---|---|---|
| 003 | JO-AjNU | ||
| 005 | 20240630091032.0 | ||
| 008 | 230605s9999||||xx |||||||||||||| ||und|| | ||
| 040 |
_aJO-AjNU _bara _erda _cJO-AjNU |
||
| 041 | _aara | ||
| 050 | 1 | 4 | _aK970.2005 |
| 100 | 1 |
_aالخصاونة، تالا عقاب _eمعد _965866 |
|
| 245 | 0 | 0 |
_aالأساس القانوني للتعويض " دراسة مقارنة" _cاعداد تالا عقاب الخصاونة؛ اسراف محمد محاسنة |
| 264 | 3 | 1 | _a2005 |
| 300 | _a273 ورقة | ||
| 336 |
_atext _btxt _2rdacontent |
||
| 337 |
_aunmediated _bn _2rdamedia |
||
| 338 |
_avolume _bnc _2rdacarrier |
||
| 500 | _aرسالة جامعية (دكتوراة في القانون الخاص )--جامعة عمان العربية ، كلية الدراسات القانونية العليا ، 2005 | ||
| 650 | 4 |
_aالتعويض -- قانون _946735 |
|
| 700 | 1 |
_aمحاسنة، محمد _eمشرف _965868 |
|
| 942 |
_2lcc _cTHS |
||
| 999 |
_c23921 _d23921 |
||